Cartas y relaciones con otros documentos relativos a la vida y a las empresas del conquistador
Wedi'i Gadw mewn:
| Prif Awdur: | |
|---|---|
| Fformat: | Llyfr |
| Iaith: | Sbaeneg |
| Cyhoeddwyd: |
Buenos Aires
Emecé
1946
|
| Cyfres: | Clásicos Emecé, 15
|
| Pynciau: | |
| Tagiau: |
Ychwanegu Tag
Dim Tagiau, Byddwch y cyntaf i dagio'r cofnod hwn!
|
MARC
| LEADER | 00000nam a2200000 a 4500 | ||
|---|---|---|---|
| 001 | UCP8630 | ||
| 003 | CL-VaPUC | ||
| 008 | 000310e19460000AG |||||||||||||||||spa|d | ||
| 082 | 0 | 4 | |a 972.02 |b COR |2 21 |
| 100 | 0 | |a Cortés, Hernán |e author |9 258554 | |
| 245 | 1 | 0 | |a Cartas y relaciones con otros documentos relativos a la vida y a las empresas del conquistador |
| 300 | |a 687 p | ||
| 942 | |c BK | ||
| 945 | |d 20000310 00:00:00 |a lriquelm | ||
| 260 | |a Buenos Aires |b Emecé |c 1946 | ||
| 650 | 0 | |a Historia |9 255047 | |
| 650 | 0 | |a Cartas |9 321777 | |
| 650 | 7 | |a DESCUBRIMIENTOS |2 CL-VaPUC |9 319676 | |
| 650 | 7 | |a CONQUISTA 1517-1521 |2 CL-VaPUC |9 319677 | |
| 651 | 0 | |a México |9 255269 | |
| 583 | |a last modification |c 20000310 00:00:00 |k Rodrigo Vera | ||
| 490 | 0 | |a Clásicos Emecé, 15 | |
| 999 | |c 285521 |d 285519 | ||
| 952 | |0 0 |1 0 |4 0 |6 972_020000000000000_COR_1946 |7 0 |8 X |9 330180 |a BIBHIS |b BIBHIS |d 2019-11-20 |i 138516K |o 972.02 COR 1946 |p 138516K |r 2024-01-30 |w 2019-11-20 |y BK_X |k HIS | ||